Monte Carlo methods in statistical physics
Uloženo v:
| Hlavní autor: | |
|---|---|
| Médium: | Kniha |
| Jazyk: | angličtina |
| Vydáno: |
Berlín
Springer-Verlag
1979
|
| Edice: | Topics in Current Physics, 7
|
| Témata: | |
| Tagy: |
Přidat tag
Žádné tagy, Buďte první, kdo vytvoří štítek k tomuto záznamu!
|
MARC
| LEADER | 00000nam a2200000 a 4500 | ||
|---|---|---|---|
| 001 | UCP2264 | ||
| 003 | CL-VaPUC | ||
| 008 | 990507e19790000GW |||||||||||||||||eng|d | ||
| 082 | 0 | 4 | |a 519.282 |b BIN |2 21 |
| 100 | 0 | |a Binder, K |e author |9 428863 | |
| 245 | 1 | 0 | |a Monte Carlo methods in statistical physics |
| 300 | |a 376 p | ||
| 942 | |c BK | ||
| 945 | |d 19990507 00:00:00 |a crobeson | ||
| 260 | |a Berlín |b Springer-Verlag |c 1979 | ||
| 650 | 7 | |a METODO DE MONTECARLO |2 CL-VaPUC |9 270705 | |
| 650 | 0 | |a Física matemática |9 260981 | |
| 650 | 7 | |a SISTEMAS IONICOS |2 CL-VaPUC |9 428864 | |
| 650 | 7 | |a FLUIDO MOLECULAR |2 CL-VaPUC |9 428865 | |
| 650 | 7 | |a DIAGRAMAS DE FASE |2 CL-VaPUC |9 428866 | |
| 650 | 7 | |a SISTEMAS MAGNETICOS |2 CL-VaPUC |9 428867 | |
| 583 | |a last modification |c 20121108 09:39:30 |k Rodrigo Vera | ||
| 490 | 0 | |a Topics in Current Physics, 7 | |
| 999 | |c 280823 |d 280821 | ||
| 952 | |0 0 |1 0 |4 0 |6 519_282000000000000_BIN_1979 |7 0 |8 A |9 321336 |a BIBGIM |b BIBGIM |d 2019-11-20 |i 1345192 |o 519.282 BIN 1979 |p 1345192 |r 2025-01-15 |w 2019-11-20 |y BK |k EST | ||